Pays le plus au nord par catégorie - Statistiques

Statistiques générales
  • Ce quiz a été pris 189 fois
  • Le résultat moyen est 10 sur 20
Statistiques - réponses
Le pays le plus au nord qui... Latitude Réponse % Correct
ne contient pas la lettre E 83.1 °N Canada
96%
commence par N 80.8 °N Norvège
85%
est entièrement insulaire 67.1 °N Islande
82%
partage une frontière avec l'Allemagne 57.8 °N Danemark
80%
possède des tigres sauvages 81.9 °N Russie
78%
n'a pas de rouge sur son drapeau 70.1 °N Finlande
77%
borde la mer Méditerranée 51.1 °N France
68%
a l'italien pour langue officielle 47.8 °N Suisse
58%
est en Afrique 37.5 °N Tunisie
56%
a fait partie de la Yougoslavie 46.9 °N Slovénie
54%
n'a pas accès à la mer 56.1 °N Biélorussie
51%
n'a pas de montagne de plus de 1000m 59.8 °N Estonie
42%
est un pays insulaire des Caraïbes 23.3 °N Cuba
40%
est un pays insulaire du Pacifique 45.5 °N Japon
37%
contient la lettre Z 55.7 °N Kazakhstan
35%
partage une frontière avec la R.D.Congo 12.2 °N Soudan du Sud
21%
est traversé par l'équateur 15.8 °N Colombie
18%
a 4 lettres dans son nom 39.8 °N Iran
15%
n'a pas d'aéroport 42.4 °N Andorre
11%
est entièrement situé dans l'hémisphère sud 0.02 °S Pérou
9%
Aucun quiz correspondant
Distribution des résultats
% des personnes avec chaque résultat
Percentile par nombre de réponses
Votre historique - résultats
Vous n’avez pas pris ce quiz